Evaluation of the Potential Impact of Increasing the Taxable Income Threshold for Business Accounting Entities Applicable to the 15% Corporate Income Tax Rate on Tax Collection

Guardado en:
Detalles Bibliográficos
Autor principal: Marci, Anton, 1989-
Otros Autores: Vašeková, Miroslava, 1978-
Formato: Capítulo de libro
Lenguaje:inglés
Materias:
Etiquetas: Agregar Etiqueta
Sin Etiquetas, Sea el primero en etiquetar este registro!

MARC

LEADER 00000naa$a2200000$$$4500
001 0305678
005 20250128100813.2
041 0 |a eng 
044 |a SK 
245 1 0 |a Evaluation of the Potential Impact of Increasing the Taxable Income Threshold for Business Accounting Entities Applicable to the 15% Corporate Income Tax Rate on Tax Collection  |c Anton Marci, Miroslava Vašeková 
500 |a Abstrakt 
610 2 0 |a jednotka účtovná 
610 2 0 |a podnikatelia 
610 2 0 |a dane 
100 1 |a Marci, Anton, 1989- 
700 1 |a Vašeková, Miroslava, 1978-